00629nam a2200193Ia 4500008004100000020001800041082001700059100004500076245003500121250000900156260003800165300002300203500001900226600001500245650001500260942000700275952013600282999001700418240925s9999 xx 000 0 und d a9789332586079 a658.1599 EIT aEiteman ,David K. ; Stonehill, Arthur I. 0aMultinational Business Finance a14th aIndia:bPearson Educationc,2018. a477p.b0fOriginal aIncludes Index aManagement aManagement cBK 001040708MANaUITUbUITUd2019-01-21eAllied Book Companyg1154.40l0o658.1599 EITpQ13815r2024-09-25 07:17:00w2024-09-25yBK c16314d16314